| 000 | 00911nam a22002175i 4500 | ||
|---|---|---|---|
| 001 | 161111 | ||
| 003 | ES-MaACL | ||
| 005 | 20250930063140.0 | ||
| 008 | 970902m18391840sp |||| | spa d | ||
| 040 |
_aCLM _bspa _cCCPB | SIC |
||
| 100 | 1 |
_aOrtiz de Zúñiga, Manuel, _d1806-1874? _987610 |
|
| 245 | 1 | 0 |
_aBiblioteca judicial o Tratado original y metódico de cuanto hay vigente en la legislación y en la práctica con relación a los juzgados de primera instancia / _cescrito por Manuel Ortiz de Zuñiga. |
| 260 |
_aMadrid : _b[s.n.], _c1839-1840 ( _fOficina de Tomas Jordan) |
||
| 300 |
_a3 t. en 2 v. ; _c22 cm. |
||
| 597 | _aAntep. | ||
| 597 | _avol. I (VIII, 201 p.) -- vol. II ([5] ; 201 p.) | ||
| 650 | 0 | 4 |
_aDerecho procesal- _zEspaña. _911762 |
| 650 | 4 |
_aTribunales de primera instancia- _zEspaña. _9158345 |
|
| 852 |
_aES-MaACL _jG-12998-99 _z-- Enc. pasta |
||
| 999 |
_c161111 _d161111 |
||